000 00636nam a22001937a 4500
999 _c175312
_d175312
005 20200824110950.0
010 _aENG-128367
020 _c649.00
_a9789353437695
035 _aEN-111899
037 _bDBAD/PUB
082 _a658.8342
100 _aJain,Varsha
245 _aConsumer Behavior :
_cby Arthur J. Keown
_bA Digital Native/
260 _aNoida
_bPearson
_c2020
270 _a15th floor,Tower-B,Word Trade Tower,Plot no.1,Block-C sec 16,
_bNoida
_e201301
_k04466540100
_mcompanysecretary.india@pearson.com
300 _axx;456p.
_c25cm(pbk)
500 _aincludes index
942 _2ddc
_cEN
_h658.8342
_mJAI